| 000 | 00405 a2200121 4500 | ||
|---|---|---|---|
| 082 |
_a338.1 _bASH/VA |
||
| 100 | _aAshly Mathews (Researcher) | ||
| 245 | _aValue chain analysis (VCA) of coconut based food products | ||
| 260 |
_aVellanikkara _bDepartment of Agricultural Economics, College of Horticulture, KAU _c2017 |
||
| 650 | _aAgricultural economics | ||
| 700 | _aLatha Bastine C (Guide) | ||
| 942 | _cTH | ||
| 999 |
_c199491 _d199491 |
||